Elton John Songs 1969-1979 - Statistics

General Stats
  • This quiz has been taken 147 times
  • The average score is 38 of 140
Answer Stats
Hint Answer % Correct
Madman Across The Water Goodbye
83%
Elton John Your Song
79%
Goodbye Yellow Brick Road Candle In The Wind
74%
Goodbye Yellow Brick Road Goodbye Yellow Brick Road
74%
Don't Shoot Me, I'm Only The Piano Player Crocodile Rock
73%
Honky Chateau Rocket Man
73%
Don't Shoot Me, I'm Only The Piano Player Daniel
69%
Madman Across The Water Tiny Dancer
66%
Goodbye Yellow Brick Road Bennie and the Jets
65%
Honky Chateau Honky Cat
58%
Goodbye Yellow Brick Road Saturday Night's Alright For Fighting
56%
Goodbye Yellow Brick Road Funeral For a Friend/Love Lies Bleeding
55%
Madman Across The Water Levon
55%
Madman Across The Water Madman Across the Water
55%
Caribou Don't Let The Sun Go Down on Me
48%
Empty Sky Empty Sky
48%
Empty Sky Skyline
48%
Caribou The Bitch Is Back
47%
Elton John Take Me To The Pilot
45%
Goodbye Yellow Brick Road Harmony
44%
Goodbye Yellow Brick Road Grey Seal
43%
Captain Fantasic and The Brown Dirt Cowboy Captain Fantastic and The Brown Dirt Cowboy
42%
Captain Fantastic Someone Saved My Life Tonight
42%
Elton John Border Song
40%
Honky Chateau Hercules
38%
Goodbye Yellow Brick Road I've Seen That Movie Too
38%
Goodbye Yellow Brick Road Jamaica Jerk Off
38%
Goodbye Yellow Brick Road Roy Rogers
37%
Blue Moves Sorry Seems To Be The Hardest Word
37%
Rock of The Westies Island Girl
36%
Honky Chateau Mona Lisas and Mad Hatters
36%
Goodbye Yellow Brick Road All The Girls Love Alice
35%
Goodbye Yellow Brick Road This Song Has No Title
35%
Honky Chateau I Think I'm Going To Kill Myself
34%
Madman Across The Water Rotten Peaches
34%
Goodbye Yellow Brick Road Dirty Little Girl
33%
Goodbye Yellow Brick Road Sweet Painted Lady
33%
Captain Fantastic Tower of Babel
33%
Tumbleweed Connection Burn Down The Mission
31%
Tumbleweed Connection My Father's Gun
31%
Honky Chateau Slave
31%
Goodbye Yellow Brick Road Social Disease
31%
Tumbleweed Connection Amoreena
30%
Honky Chateau Amy
30%
Honky Chateau Mellow
30%
Caribou Pinky
30%
Captain Fantastic Writing
30%
Goodbye Yellow Brick Road Your Sister Can't Twist (But She Sure Can Rock N Roll)
30%
Madman Across The Water All the Nasties
29%
Don't Shoot Me, I'm Only The Piano Player Elderberry Wine
29%
Madman Across The Water Holiday Inn
29%
Madman Across The Water Razor Face
29%
Don't Shoot Me, I'm Only The Piano Player Teacher I Need You
29%
Goodbye Yellow Brick Road The Ballad of Danny Bailey
29%
Elton John The King Must Die
29%
Tumbleweed Connection Country Comfort
28%
Caribou Grimsby
28%
Madman Across The Water Indian Sunset
28%
Elton John The Greatest Discovery
28%
Captain Fantastic Curtains
27%
Don't Shoot Me, I'm Onlt The Piano Player High Flying Bird
27%
Elton John I Need You To Turn To
27%
Honky Chateau Salvation
27%
Honky Chateau Susie (Dramas)
27%
Don't Shoot Me, I'm Only The Piano Player Have Mercy on The Criminal
26%
Tumbleweed Connection Love Song
26%
A Single Man Song For Guy
26%
Don't Shoot Me, I'm Only The Piano Player Texan Love Song
26%
Caribou Ticking
26%
Tumbleweed Connection Where to Now St Peter?
26%
Don't Shoot Me, I'm Only The Piano Player Midnight Creeper
24%
Elton John Sixty Years On
24%
Victim of Love Victim of Love
24%
Captain Fantastic We All Fall In Love Sometimes
24%
Captain Fantastic Better Off Dead
23%
Tumbleweed Connection Come Down in Time
22%
Elton John The Cage
22%
Tumbleweed Connection Ballad of A Well Known Gun
21%
Caribou Dixie Lily
21%
Caribou I've Seen The Saucers
21%
Elton John No Shoe Strings on Louise
21%
Captain Fantastic Tell Me When The Whistle Blows
21%
Rock of The Westies I Feel Like a Bullet (In the gun of Robert Ford)
20%
Tumbleweed Connection Son of Your Father
20%
Caribou Stinker
20%
Blue Moves Tonight
20%
Caribou You're So Static
20%
Rock of The Westies Dan Dare (Pilot of the Future)
19%
Elton John First Episode at Hienton
19%
Captain Fantastic (Gotta Get A) Meal Ticket
19%
Rock of The Westies Grow Some Funk of Your Own
19%
Don't Shoot Me, I'm Only The Piano Player I'm Going to be a Teenage Idol
19%
Caribou Solar Prestige a Gammon
19%
Tumbleweed Connection Talking Old Soldiers
19%
Empty Sky Valhalla
19%
Blue Moves Bite Your Lip (Get up and Dance)
16%
Blue Moves One Horse Town
16%
Blue Moves Shoulder Holster
16%
Blue Moves Your Starter For...
16%
Don't Shoot Me, I'm Only The Piano Player Blues For My Baby and Me
15%
Blue Moves Boogie Pilgrim
15%
Blue Moves Idol
15%
Rock of The Westies Medley
15%
Rock of The Westies Street Kids
15%
Empty Sky Western Ford Gateway
15%
Blue Moves Cage The Songbird
14%
Rock of The Westies Hard Luck Story
14%
Empty Sky Hymn 2000
14%
Rock of The Westies Billy Bones and The White Bird
13%
Blue Moves Chameleon
13%
Rock of The Westies Feed Me
13%
Victim of Love Johnny B Goode
13%
Empty Sky Lady What's Tomorrow
13%
Empty Sky Sails
13%
Blue Moves Theme From a Non Existent TV Series
13%
Blue Moves Crazy Water
12%
Blue Moves If There's a God In Heaven (What's he Waiting For?)
12%
A Single Man Part Time Love
12%
Empty Sky The Scaffold
12%
Blue Moves Where's the Shoorah?
12%
Blue Moves Between Seventeen and Twenty
10%
A Single Man Georgia
10%
Empty Sky Gulliver/HayChewed/Reprise
10%
Blue Moves Out Of The Blue
10%
A Single Man Big Dipper
9%
A Single Man Shine on Through
9%
Blue Moves The Wide Eyed and Laughing
9%
A Single Man Return To Paradise
8%
Blue Moves Someone's Final Song
8%
A Single Man I Don't Care
7%
Captain Fantastic Better Fingers
6%
Victim of Love Born Bad
6%
A Single Man Reverie
6%
Victim of Love Street Boogie
6%
A Single Man It Ain't Gonna Be Easy
5%
A Single Man Madness
5%
Victim of Love Spotlight
5%
Victim of Love Thunder in The Night
5%
A Single Man Shooting Star
3%
Victim of Love Warm Love in A Cold World
2%
No matching quizzes found
Score Distribution
Percent of People with Each Score
Percentile by Number Answered
Your Score History
You have not taken this quiz